| 000 | 00785nam a22002537a 4500 | ||
|---|---|---|---|
| 003 | DO-SdBNP | ||
| 005 | 20211206122208.0 | ||
| 007 | ta | ||
| 008 | 211206b200? a|||c |||| 00| 0 spa d | ||
| 020 | _a9993491756 | ||
| 040 |
_aDO-SdBNP _bspa _cBNPHU |
||
| 082 | 4 |
_222 _a372.634 _bC153 |
|
| 245 | 1 | 0 |
_aCaligrafía cursiva actual 2 / _cilus. Alejandro Juzgado |
| 260 |
_aSanto Domingo : _bActualidad Escolar 2000, _c[2000?]. |
||
| 300 |
_a31 p. : _bil. ; _c27 cm |
||
| 490 | _aActualidad Escolar 2000, | ||
| 590 | _aInventariado, 2021 / SA | ||
| 650 | 4 | 0 |
_934971 _aCaligrafía |
| 650 | 4 | 0 |
_930847 _aCaligrafía _xEstudio y Enseñanza |
| 700 | 0 |
_974437 _aJuzgado, Alejandro _eilustrador |
|
| 700 | 0 |
_aGallegos, María E. _eCorrección _980823 |
|
| 910 | _aSaquino | ||
| 942 |
_2ddc _cLF2 |
||
| 999 |
_c51105 _d51105 |
||